Salvador Dalí: 1904-1989
Guardat en:
| Autor principal: | |
|---|---|
| Altres autors: | |
| Format: | Llibre |
| Idioma: | espanyol |
| Publicat: |
Colonia
Taschen
1999
|
| Matèries: | |
| Etiquetes: |
Afegir etiqueta
Sense etiquetes, Sigues el primer a etiquetar aquest registre!
|
MARC
| LEADER | 00000nam a2200000 a 4500 | ||
|---|---|---|---|
| 001 | UCO5235 | ||
| 003 | CL-VaPUC | ||
| 005 | 20240731102536.0 | ||
| 008 | 000825e19990000GW |||||||||||||||||spa|d | ||
| 999 | |c 291179 |d 291177 | ||
| 040 | |c Pontificia Universidad Católica de Valparaíso | ||
| 082 | 0 | 4 | |a 759.46 |b DES |2 21 |
| 100 | 0 | |a Descharnes, Robert |e author |9 450025 | |
| 245 | 1 | 0 | |a Salvador Dalí: 1904-1989 |
| 260 | |a Colonia |b Taschen |c 1999 | ||
| 300 | |a 224 p | ||
| 583 | |a last modification |c 20000825 00:00:00 |k Rodrigo Vera | ||
| 600 | |a Dalí, Salvador, |d 1904-1989 |9 874841 | ||
| 650 | 0 | |a Arte moderno |9 265333 | |
| 650 | 0 | |a Biografías |9 255210 | |
| 650 | 0 | |a Pintores españoles |9 315216 | |
| 700 | |a Néret, Gilles |e autor |9 450026 | ||
| 942 | |c BK |2 ddc | ||
| 945 | |d 20000825 00:00:00 |a vberengu | ||
| 952 | |0 0 |1 0 |4 0 |6 759_460000000000000_DES_1999 |7 0 |8 R |9 340946 |a BIBART |b BIBART |d 2019-11-20 |i 3645738 |l 2 |o 759.46 DES 1999 |p 3645738 |r 2025-03-13 |s 2022-06-28 |w 2019-11-20 |y BK_R |k ART | ||